| 000 | 00412nam a2200157Ia 4500 | ||
|---|---|---|---|
| 008 | 210210b1987 xxu||||| |||| 00| 0 eng d | ||
| 041 | _aeng | ||
| 082 | _a300.72 TANR | ||
| 100 | _aTANDON (B C). | ||
| 245 | _aResearch methodology in social sciences. Ed 2. | ||
| 250 | _a | ||
| 260 |
_aAllahabad. _bChaitanya Publishing House., _c1987 |
||
| 300 | _axii,378 | ||
| 690 | _aResearch Methodology | ||
| 906 | _a048417 | ||
| 999 |
_c97575 _d97575 |
||